000 01262pab a2200181 454500
008 180718b2006 xxu||||| |||| 00| 0 eng d
100 _aBasdeo, Sahadeo
245 _aEnhancing Indo-Canadian cooperation in the era of globalisation: Strategies for the future
260 _c2006
300 _ap.791-810.
362 _aOct-Dec
520 _aAs the forces of globalisation gained momentum, the world economy began to change dramatically and swiftly to the benefit of the more open, liberalised economies, and as such technological developments, in transportation and communication decreased the natural barriers to trade. In the process, international trade increased in importance. To a regional power and to a burgeoning world power such as India, economic considerations became paramount. It is against this background that this article traces evolution of bilateral relations between India and Canada. There has been a perceptible shift in the relations between two nations and this article focuses on the areas that offer opportunities for mutually satisfying and beneficial cooperation. - Reproduced.
650 _aGlobalization
650 _aEconomic cooperation
773 _aIndian Journal of Public Administration
908 _aN
909 _a73003
999 _c73003
_d73003